|
|
|
|
| LEADER |
01380nam a22003257a 4500 |
| 001 |
39571 |
| 003 |
BD-DhAAL |
| 008 |
220905t2020 sz a b 001|0|eng|d |
| 999 |
|
|
|c 44823
|d 44823
|
| 020 |
|
|
|a 9783030368692
|
| 020 |
|
|
|a 9783030368678 (PDF ebook)
|
| 020 |
|
|
|a 9783030368661 (hbk.)
|
| 040 |
|
|
|a BD-DhAAL
|c BD-DhAAL
|
| 082 |
|
|
|a 809.03
|2 23
|
| 245 |
|
|
|a Loss and the literary culture of Shakespeare's time /
|c edited by Roslyn L. Knutson, David McInnis, Matthew Steggle.
|
| 260 |
|
|
|a Cham, Switzerland :
|b Palgrave Macmillan,
|c 2020.
|
| 300 |
|
|
|a xvii, 266 pages :
|b illustrations (black and white, and colour) ;
|c 22 cm.
|
| 490 |
|
|
|a Early modern literature in history.
|
| 526 |
|
|
|a ENH
|
| 541 |
|
|
|a Paragon Enterprises LTD
|e 39571
|
| 650 |
|
|
|a Lost literature.
|9 51274
|
| 650 |
|
|
|a Literature, Modern
|x History and criticism.
|9 51275
|
| 650 |
|
|
|a English literature.
|9 51276
|
| 700 |
|
|
|a Knutson, Roslyn Lander,
|d 1939-
|e editor.
|9 51277
|
| 700 |
|
|
|a McInnis, David,
|e editor.
|9 51278
|
| 700 |
|
|
|a Steggle, Matthew,
|e editor.
|9 51279
|
| 830 |
|
|
|a Early modern literature in history.
|9 51280
|
| 852 |
|
|
|a Ayesha Abed Library
|c General Stacks
|
| 942 |
|
|
|2 ddc
|c BK
|
| 952 |
|
|
|0 0
|1 0
|2 ddc
|4 0
|6 809_030000000000000_LOS
|7 0
|9 71753
|a BRACUL
|b BRACUL
|c GEN
|d 2022-08-30
|e Paragon Enterprises LTD
|g 5780.00
|l 1
|m 1
|o 809.03 LOS
|p 3010039571
|r 2023-05-29
|s 2022-12-06
|t 1
|v 5780.00
|w 2022-08-30
|y BK
|